Historia critica de España, y de la cultura española / (Record no. 159097)

MARC details
000 -LEADER
campo de control de longitud fija 01092nam a2200241 i 4500
001 - NÚMERO DE CONTROL
campo de control 159097
003 - IDENTIFICADOR DE NÚMERO DE CONTROL
campo de control ES-MaACL
005 - FECHA Y HORA DE LA ÚLTIMA TRANSACCIÓN
campo de control 20250727063147.0
008 - DATOS DE LONGITUD FIJA--INFORMACIÓN GENERAL
campo de control de longitud fija 931025s1800 sp ax |||| | spa d
040 ## - FUENTE DE CATALOGACIÓN
Centro catalogador/agencia de origen CARM
Lengua de catalogación spa
Centro/agencia transcriptor PAB
100 1# - ENTRADA PRINCIPAL--NOMBRE DE PERSONA
Nombre de persona Masdéu, Juan Francisco,
Fechas asociadas al nombre 1744-1817
9 (RLIN) 129694
245 10 - MENCIÓN DEL TÍTULO
Título Historia critica de España, y de la cultura española /
Mención de responsabilidad, etc. obra compuesta en las dos lenguas italiana y castellana por D. Juan Francisco de Masdeu ... ; tomo XIX, continuacion de los suplementos a los quince tomos primeros.
260 ## - PUBLICACIÓN, DISTRIBUCIÓN, ETC.
Lugar de publicación, distribución, etc. En Madrid :
Nombre del editor, distribuidor, etc. en la imprenta de Sancha, se hallará en su librería calle del Lobo,
Fecha de publicación, distribución, etc. 1800.
300 ## - DESCRIPCIÓN FÍSICA
Extensión XVI, 687, [1] p. ;
Dimensiones 21 cm.
500 ## - NOTA GENERAL
Nota general En tomo I, p. 12 consta que es traducción del italiano.
597 ## - NOTA DE DESCRIPCIÓN FÍSICA
NOTA DE DESCRIPCIÓN FÍSICA Sign.: []4, 2*4, A-Z4, 2A-2Z4, 3A-3Z4, 4A-4R4.
597 ## - NOTA DE DESCRIPCIÓN FÍSICA
NOTA DE DESCRIPCIÓN FÍSICA Antep.
650 #4 - PUNTO DE ACCESO ADICIONAL DE MATERIA--TÉRMINO DE MATERIA
Término de materia o nombre geográfico como elemento de entrada España-
Subdivisión general Historia.
9 (RLIN) 185483
650 #4 - PUNTO DE ACCESO ADICIONAL DE MATERIA--TÉRMINO DE MATERIA
Término de materia o nombre geográfico como elemento de entrada Inscripciones romanas-
Subdivisión geográfica España.
9 (RLIN) 136294
852 ## - LOCALIZACIÓN
Ubicación ES-MaACL
Número de control de estantería R-270-89
Nota libre -- Enc. pasta
Encuadernación -- Edic.: XVI, 687, [1] p.
-- Olim: C-44-63
Holdings
Estatus retirado Estado de pérdida Estado de daño No para préstamo Biblioteca de origen Biblioteca actual Ubicación en estantería Fecha de adquisición Total de préstamos Signatura topográfica completa Código de barras Visto por última vez Precio de reemplazo Tipo de ítem Koha
        Biblioteca del Ateneo de Madrid Biblioteca del Ateneo de Madrid Depósito 17/01/2008   R-270-89 1166551 23/02/2023 23/02/2023 Libro impreso antiguo